000 01258nam a22003377a 4500
003 DO-SdBNP
005 20250204083504.0
007 ta
008 211110b2021 dr a|||| |||| 00| 0 eng d
020 _a9789945618457
040 _aDO-SdBNP
_bspa
_cBNPHU
082 4 _222
_aRD863.44
_bM671v 2021
100 _aMirabal, Dedé,
_d1925-
_946168
245 1 0 _aVivas en su jardín :
_bmemorias /
_cDedé Mirabal
250 _a5a ed.
260 _aSanto Domingo :
_bCasa Museo Hermanas Mirabal,
_c2021.
300 _a342 p. :
_bil.;
_c23 cm.
500 _aIncluye datos biográficos de la autora en la solapa de la cubierta
500 _aIncluye referencias bibliográficas y notas al pie de las páginas
590 _aInventariado, 2021/BT
600 1 0 _aMirabal, Maria Teresa,
_d1935-1960
_945421
600 1 0 _a Mirabal, Minerva,
_d1926-1960
_9919
600 1 0 _aMirabal, Patria,
_d1924-1960
_945420
600 1 4 _aTavárez Justo, Manolo,
_d1931-1963
_935026
650 4 _aNovela histórica dominicana.
_9860
650 4 _aHistoria en la literatura
_91300
650 0 _aLiteratura dominicana.
_967
650 4 _aMujeres revolucionarias
_zRepública Dominicana
_vBiografías
_980554
910 _aBtaváres/Validado. Control de calidad MFF
942 _2ddc
_cLBS1
999 _c50899
_d50899